Responses for Show #1400 - Friday, October 5, 1990

Game entered from audiorecording. Missing prizes.

Contestants

Kent Conrad, a Chinese linguist from Dauphin, Pennsylvania

Pete Belli, a retail manager from Orlando, Florida

Cheryl Weisberg, a French teacher from New York City, New York (whose 1-day cash winnings total $1,500)

Jeopardy! Round responses

WOMEN
LANGUAGES
ASTROLOGY
CHICAGO
INTERNATIONAL CUISINE
NUMBER, PLEASE
    $100 17
jazz

Cheryl
    $100 6
Mandarin

Pete
    $100 7
Libra

Cheryl
    $100 15
the Loop

Cheryl
    $100 1
curry

Kent
    $200 18
(Kent: Who is Princess Anne?)
...
(Alex: Princess Anne is her daughter.)

Princess Margaret

PeteKent
    $200 12
Hebrew

Kent
    $200 8
(Pete: What is 7?)

12

Pete
Triple Stumper
    $200 19
Daley

Cheryl
    $200 2
refried beans

Pete
    $300 13
French (or Walloon)

Cheryl
    $300 9
Mars

Cheryl
    $300 20
(John) Dillinger

Pete
    $300 3
sausages

Cheryl
    $300 24
(Cheryl: What is a gross or [*]?)

144

Cheryl
    $400 26
Cosmopolitan

Cheryl
    $400 14
Y

Pete
    $400 10
Cancer

Cheryl
    $900 21
(Pete: Lake Front. What is Lake Front?)

Lincoln Park

Pete
    $400 4
frittata

Triple Stumper
    $400 23
(Pete: What is 21?)

42

Pete
Triple Stumper
    $500 27
(Alex: She was, "Walkies!", [*].)
...
[The end-of-round signal sounds.]

Barbara Woodhouse

Triple Stumper
    $500 16
Cyprus

Cheryl
    $500 11
the Ram (Aries)

Kent
    $500 22
(Pete: What is they made it run underground?)
(Kent: What is they diverted its course.)
...
(Alex: Minute to go in the round.)

they reversed the flow of the river

PeteKent
Triple Stumper
    $500 5
halva

Triple Stumper
    $500 25
(Alex: [Watching the contestants trying to do the math] It's like watching three people doing their mantra.)
[Laughter]

168

Pete

Scores at the first commercial break (after clue 13):

Cheryl Pete Kent
$1,400 $100 $800

Scores at the end of the Jeopardy! Round:

Cheryl Pete Kent
$3,000 -$300 $100

Double Jeopardy! Round responses

AMERICAN HISTORY
WEATHER
MUSICALS
ENGLISH LITERATURE
BIOLOGY
EARLY CHRISTIANITY
    $200 1
the Spaniards

Triple Stumper
    $200 6
wind

Pete
    $200 13
Bye Bye Birdie

Cheryl
    $200 18
Robinson Crusoe

Cheryl
    $200 11
St. Augustine

Pete
    $400 2
(Aaron) Burr

Pete
    $400 7
a front

Pete
    $400 14
(1 of) Les Misérables (or Phantom of the Opera)

Kent
    $3,000 19
(Cheryl: Who is, uh, Emily Bronte?)

Agatha Christie

Cheryl
    $400 12
(Pete: What is Constantinople?)

Rome

CherylPete
    $600 3
George Rogers Clark

Pete
    $600 8
funnel clouds

Pete
    $600 15
Anthony Newley

Cheryl
    $600 20
(Alex: We have a minute to go.)

Latin

Cheryl
    $600 23
(Pete: What is the Lord's Prayer?
(Kent: What is the Nicene Creed?)
(Alex: Yes. [Offstage chatter] No, it's not, sorry.)
(Cheryl: What is the Credo?)

the Apostles' Creed

CherylPeteKent
Triple Stumper
    $800 4
Wilmot

Pete
    $800 9
(Alex: Pete, you don't have to ring in.)

a typhoon

Pete
    $800 16
(Kent: What is Into the Woods?)

A Little Night Music

CherylKent
    $800 21
Locksley

Triple Stumper
    $1000 5
Health, Education & Welfare

Pete
    $1000 10
(Pete: What are dust particles?)

ice crystals

Pete
Triple Stumper
    $1000 17
Applause

Cheryl
    $1000 22
(Jane) Austen

Pete
    $1000 25
[The end-of-round signal sounds.]

fruit

Triple Stumper
    $1000 24
Constantine

Triple Stumper

Scores at the end of the Double Jeopardy! Round:

Cheryl Pete Kent
$3,200 $3,700 -$900

[wagering suggestions for these scores]

Final Jeopardy! Round responses

BUSINESS & INDUSTRY
(Alex: [Indicated Cheryl crossed something out] This goes back before Ed McMahon started showing up in your mailbox.)
CherylWhat is Publishers Clearing House
$0
PeteWhat is the Reader's Digest?
$2,701
Reader's Digest

Final scores:

Cheryl Pete Kent
$3,200 $6,401 -$900
2nd place New champion: $6,401 3rd place

Game dynamics:

Coryat scores:

Cheryl Pete Kent
$6,200 $4,600 -$900
18 R,
2 W
(including 1 DD)
16 R
(including 1 DD),
7 W
(including 1 DD)
4 R,
4 W

Combined Coryat: $9,900

[game clues] [game scores] [suggest correction]

Game tape date: 1990-08-20
The J! Archive is created by fans, for fans. Scraping, republication, monetization, and malicious use prohibited; this site may use cookies and collect identifying information. See terms. The Jeopardy! game show and all elements thereof, including but not limited to copyright and trademark thereto, are the property of Jeopardy Productions, Inc. and are protected under law. This website is not affiliated with, sponsored by, or operated by Jeopardy Productions, Inc. Join the discussion at JBoard.tv.